Taula de les línies trigonomètriques naturals : taula dels sinus i cosinus d'arcs de 1' en 1' taula dels sinus i cosinus d'arcs de 1' en 1'
Descripción Física:
23 p. ; 23 cm
Colección:
Text núm. 15b
Otros Autores:
Catalunya. Extensió d'Ensenyament Tècnic
Materias:
Trigonometria
MARC
| LEADER | 00000nam a2200000Ia 4500 | ||
|---|---|---|---|
| 001 | 7701 | ||
| 008 | 160829s9999 xx 000 0 cat d | ||
| 080 | |a RF-5-25 | ||
| 245 | |a Taula de les línies trigonomètriques naturals : |b taula dels sinus i cosinus d'arcs de 1' en 1' | ||
| 260 | |a Barcelona : |b Generalitat de Catalunya, Extensió d'Ensenyament Tècnic, [s.a.] | ||
| 300 | |a 23 p. ; |c 23 cm | ||
| 490 | |a Text núm. 15b | ||
| 590 | |a Hi ha un duplicat DUP-65-30 | ||
| 650 | |a Trigonometria |9 20010 | ||
| 700 | |a Catalunya. Extensió d'Ensenyament Tècnic |9 20004 | ||
| 710 | 1 | |a Catalunya. |b Generalitat |9 12125 | |
| 856 | 4 | |u https://media.diba.cat/diba/fitxers/arxiu/fulletons/bib_7701_baixa.pdf |y Accés lliure | |
| 856 | 4 | |u https://media.diba.cat/diba/fitxers/arxiu/fulletons/bib_7701_baixa.pdf |y Accés lliure | |
| 901 | |a Arxiu | ||
| 942 | |n 1 |2 udc | ||
| 952 | |0 0 |1 0 |4 0 |6 RF525 |7 1 |9 44487 |a Arxiu |b Arxiu |d 2016-12-01 |l 0 |o RF-5-25 |p 7701 |r 2016-12-01 00:00:00 |w 2016-12-01 |y ARXIU | ||
| 999 | |c 47068 |d 47068 | ||
| 900 | |a bib_7701_baixa.pdf | ||